| Tag |
First Indicator |
Second Indicator |
Subfields |
| LEADER |
00000pam a2200000 a 4500 |
| 001 |
in00000087673 |
| 005 |
20151008064921.0 |
| 008 |
811014s1982 ncua b s00110 eng |
| 010 |
|
|
|a 81013377
|
| 020 |
|
|
|a 0807815098
|
| 020 |
|
|
|z 0807870874 (pbk.)
|
| 035 |
|
|
|a (OCoLC)07945316
|
| 035 |
|
|
|9 AAK5031AM
|
| 039 |
0 |
|
|a 2
|b 3
|c 3
|d 3
|e 3
|
| 040 |
|
|
|a DLC
|c DLC
|d TXA
|d UtOrBLW
|
| 043 |
|
|
|a n-us---
|
| 049 |
|
|
|a TXAM
|c [1673045]
|
| 050 |
0 |
0 |
|a RA410.53
|b .R53 1982
|
| 060 |
|
0 |
|a W 74/R488e
|
| 082 |
0 |
|
|a 338.4/73621/0973
|2 19
|
| 100 |
1 |
|
|a Ricardo-Campbell, Rita.
|
| 245 |
1 |
4 |
|a The economics and politics of health /
|c Rita Ricardo-Campbell.
|
| 264 |
|
1 |
|a Chapel Hill :
|b University of North Carolina Press,
|c [1982]
|
| 264 |
|
4 |
|c ©1982
|
| 300 |
|
|
|a 379 pages :
|b illustrations ;
|c 24 cm.
|
| 336 |
|
|
|a text
|b txt
|2 rdacontent
|
| 337 |
|
|
|a unmediated
|b n
|2 rdamedia
|
| 338 |
|
|
|a volume
|b nc
|2 rdacarrier
|
| 504 |
|
|
|a Includes bibliographical references and index.
|
| 650 |
|
0 |
|a Medical economics
|z United States.
|
| 650 |
|
0 |
|a Medical policy
|z United States.
|
| 650 |
|
2 |
|a Health Policy
|z United States.
|
| 650 |
|
2 |
|a Health Services
|x economics
|z United States.
|
| 650 |
|
2 |
|a Economics, Medical
|z United States.
|
| 999 |
|
|
|a MARS
|
| 999 |
f |
f |
|s 1f00a60a-6a10-39a0-aad8-b757b05124e0
|i 56212bd9-5bb4-33b6-806d-08b53529695e
|t 0
|
| 952 |
f |
f |
|p ric
|a Texas A&M University
|b Rellis Campus
|c Joint Library Facility
|d Remote Storage
|t 0
|e RA410.53 .R53 1982
|h Library of Congress classification
|i unmediated -- volume
|m A14806227445
|
| 998 |
f |
f |
|a RA410.53 .R53 1982
|t 0
|l Remote Storage
|